00426nam a22001337a 450000500170000000800410001704100120005808200120007010000130008224500950009526000460019030000300023665000260026620240718090309.0240718b |||||||| |||| 00| 0 eng d aEnglish a349 SOU lEnglish  aSouth African Law Reports : bwith which are amalgamated The All South Africa Law Reports  aCape Town: bJuta and Company Ltd, c1968 bxv, 750 pages ; c26 cm.  aLegal practice bLaw